[Event "NAYCC U18"]
[Site "Toronto CAN"]
[Date "2013.08.17"]
[Round "6"]
[White "Luo, Zhao Yang"]
[Black "Inigo, Aquino"]
[Result "0-1"]
[WhiteElo "1982"]
[BlackElo "2241"]
[PlyCount "54"]
[GameId "2160767909292695"]
[EventDate "2013.08.14"]
[EventType "swiss"]
[EventRounds "9"]
[EventCountry "CAN"]
[SourceTitle "EXT 2022"]
[Source "ChessBase"]
[SourceDate "2021.10.06"]
[SourceVersion "1"]
[SourceVersionDate "2021.10.06"]
[SourceQuality "1"]

1. d4 d5 2. Nf3 Nf6 3. e3 c5 4. b3 Nc6 5. Bd3 e6 6. O-O Be7 7. Bb2 O-O 8. Nbd2 b6 9. Ne5 Nxe5 10. dxe5 Nd7 11. Qh5 g6 12. Qh6 Qe8 13. c4 Bb7 14. Rfd1 Qb8 15. Nf3 Rd8 16. cxd5 Bxd5 17. Bxg6 fxg6 18. Rxd5 exd5 19. e6 Nf6 20. Ng5 d4 21. Rd1 Qe5 22. Nf7 Qh5 23. Qxh5 Nxh5 24. Nxd8 Rxd8 25. exd4 cxd4 26. Bxd4 Bf6 27. g4 Rxd4 0-1

[Event "NAYCC U18"]
[Site "Toronto CAN"]
[Date "2013.08.17"]
[Round "6"]
[White "Pamatmat, Jarod"]
[Black "Liang, Awonder"]
[Result "1-0"]
[WhiteElo "2341"]
[BlackElo "2268"]
[PlyCount "47"]
[GameId "2160767909296792"]
[EventDate "2013.08.14"]
[EventType "swiss"]
[EventRounds "9"]
[EventCountry "CAN"]
[SourceTitle "EXT 2022"]
[Source "ChessBase"]
[SourceDate "2021.10.06"]
[SourceVersion "1"]
[SourceVersionDate "2021.10.06"]
[SourceQuality "1"]

1. d4 Nf6 2. c4 g6 3. Nc3 Bg7 4. e4 d6 5. h3 O-O 6. Be3 Na6 7. Bd3 c5 8. d5 e6 9. Nf3 exd5 10. exd5 Nc7 11. Qb3 b5 12. cxb5 Bb7 13. Bc4 Nd7 14. O-O Nb6 15. Rfd1 a6 16. bxa6 Nxa6 17. Bg5 Qc7 18. Nb5 Qd7 19. Bf4 Nc8 20. Ng5 Rb8 21. Qg3 Nb6 22. Nxd6 h6 23. Nge4 f5 24. Bxa6 1-0

[Event "NAYCC U18"]
[Site "Toronto CAN"]
[Date "2013.08.17"]
[Round "6"]
[White "Song, Michael"]
[Black "Cao, Jason"]
[Result "1/2-1/2"]
[WhiteElo "2368"]
[BlackElo "2297"]
[PlyCount "74"]
[GameId "2160767909296795"]
[EventDate "2013.08.14"]
[EventType "swiss"]
[EventRounds "9"]
[EventCountry "CAN"]
[SourceTitle "EXT 2022"]
[Source "ChessBase"]
[SourceDate "2021.10.06"]
[SourceVersion "1"]
[SourceVersionDate "2021.10.06"]
[SourceQuality "1"]

1. d4 Nf6 2. c4 e6 3. Nc3 Bb4 4. e3 O-O 5. Nge2 d5 6. a3 Be7 7. Nf4 c6 8. cxd5 exd5 9. Bd3 Re8 10. O-O Nbd7 11. f3 Nb6 12. Bc2 c5 13. Kh1 Bf8 14. Bb3 Be6 15. Nxe6 fxe6 16. f4 Kh8 17. Bc2 Rc8 18. Rf3 a6 19. Rh3 Kg8 20. g4 g6 21. g5 Nfd7 22. Rg3 Bg7 23. h4 Nc4 24. h5 Nf8 25. dxc5 Rxc5 26. e4 dxe4 27. Nxe4 Qxd1+ 28. Bxd1 Rd5 29. Bb3 Rd4 30. Nc3 gxh5 31. Kg2 Ng6 32. Ne2 Re4 33. Kf3 Nd6 34. Rh3 Rf8 35. Rxh5 Ne5+ 36. Kf2 Nd3+ 37. Kf3 Ne5+ 1/2-1/2

[Event "NAYCC U18"]
[Site "Toronto CAN"]
[Date "2013.08.17"]
[Round "6"]
[White "Ulrich, Thomas M"]
[Black "Sohal, Tanraj"]
[Result "1-0"]
[WhiteElo "2374"]
[BlackElo "2265"]
[PlyCount "89"]
[GameId "2160767909296796"]
[EventDate "2013.08.14"]
[EventType "swiss"]
[EventRounds "9"]
[EventCountry "CAN"]
[SourceTitle "EXT 2022"]
[Source "ChessBase"]
[SourceDate "2021.10.06"]
[SourceVersion "1"]
[SourceVersionDate "2021.10.06"]
[SourceQuality "1"]

1. d4 d5 2. c4 c6 3. Nf3 Nf6 4. Nc3 e6 5. Bg5 Nbd7 6. cxd5 cxd5 7. e3 a6 8. Bd3 Bd6 9. O-O O-O 10. a4 b6 11. Qe2 Bb7 12. Rfc1 Qb8 13. g3 h6 14. Bf4 Ne8 15. a5 b5 16. Na2 f5 17. h4 Nef6 18. Qe1 e5 19. dxe5 Nxe5 20. Nxe5 Bxe5 21. Bxf5 d4 22. Nb4 Re8 23. Qd2 Bxf4 24. exf4 Qd6 25. Re1 Rad8 26. Rxe8+ Rxe8 27. Re1 Rxe1+ 28. Qxe1 Kf8 29. Bg6 Qc7 30. Kh2 Qxa5 31. Qe6 Qc7 32. Nxa6 Qe7 33. Nc5 Ng4+ 34. Qxg4 Qxc5 35. Qd7 Qe7 36. Qxd4 Qc7 37. Qb4+ Kg8 38. Qxb5 Qc6 39. Qxc6 Bxc6 40. g4 Kf8 41. g5 Ke7 42. Kg3 Kd6 43. f5 Ke5 44. f6 gxf6 45. gxh6 1-0

[Event "NAYCC U18"]
[Site "Toronto CAN"]
[Date "2013.08.17"]
[Round "6"]
[White "Zhang, Eric"]
[Black "Nasir, Pi"]
[Result "1-0"]
[WhiteElo "2167"]
[BlackElo "1947"]
[PlyCount "93"]
[GameId "2160767909296797"]
[EventDate "2013.08.14"]
[EventType "swiss"]
[EventRounds "9"]
[EventCountry "CAN"]
[SourceTitle "EXT 2022"]
[Source "ChessBase"]
[SourceDate "2021.10.06"]
[SourceVersion "1"]
[SourceVersionDate "2021.10.06"]
[SourceQuality "1"]

1. e4 e6 2. d4 d5 3. Nc3 Bb4 4. e5 c5 5. a3 Bxc3+ 6. bxc3 Qa5 7. Bd2 Ne7 8. Nf3 Nbc6 9. Bd3 c4 10. Be2 O-O 11. O-O Ng6 12. Ne1 f6 13. f4 fxe5 14. fxe5 Bd7 15. Nf3 Nf4 16. Ng5 Nxe2+ 17. Qxe2 h6 18. Nh3 Rxf1+ 19. Rxf1 Rf8 20. Nf4 Qxa3 21. h4 Qe7 22. Rb1 Be8 23. Qg4 Nd8 24. Ra1 a6 25. Bc1 Qf7 26. g3 Qf5 27. Qxf5 Rxf5 28. g4 Rf7 29. Kg2 Bd7 30. Kg3 Bc8 31. Ba3 b5 32. g5 Nc6 33. Kg4 a5 34. Bc5 Rb7 35. g6 b4 36. Nh5 Nb8 37. cxb4 axb4 38. Rf1 Nd7 39. Bxb4 Rxb4 40. Rf7 c3 41. Rxg7+ Kh8 42. Rh7+ Kg8 43. Nf6+ Nxf6+ 44. exf6 Rb7 45. f7+ Rxf7 46. gxf7+ Kf8 47. Kh5 1-0

[Event "NAYCC U18"]
[Site "Toronto CAN"]
[Date "2013.08.17"]
[Round "6"]
[White "Zheng, Kyle"]
[Black "MacDonald, Sydney"]
[Result "1/2-1/2"]
[WhiteElo "1359"]
[BlackElo "725"]
[PlyCount "60"]
[GameId "2160767909296798"]
[EventDate "2013.08.14"]
[EventType "swiss"]
[EventRounds "9"]
[EventCountry "CAN"]
[SourceTitle "EXT 2022"]
[Source "ChessBase"]
[SourceDate "2021.10.06"]
[SourceVersion "1"]
[SourceVersionDate "2021.10.06"]
[SourceQuality "1"]

1. e4 e5 2. Nf3 Nc6 3. Bb5 a6 4. Ba4 Nf6 5. d3 b5 6. Bb3 Bc5 7. Bg5 d6 8. a3 h6 9. Bd2 O-O 10. Nc3 Ne7 11. O-O Bg4 12. Ne2 Bxf3 13. gxf3 Qd7 14. d4 Bxd4 15. Nxd4 exd4 16. Kh1 Ng6 17. Rg1 Kh7 18. Qe2 Rae8 19. c3 d5 20. Bc2 dxe4 21. fxe4 Re5 22. f4 Re7 23. Qg2 d3 24. f5 dxc2 25. fxg6+ Kh8 26. Bxh6 Rxe4 27. Qxc2 Qd5 28. Qg2 Rg4 29. Qxd5 Rxg1+ 30. Rxg1 Nxd5 1/2-1/2

[Event "NAYCC U18"]
[Site "Toronto CAN"]
[Date "2013.08.17"]
[Round "7"]
[White "Cao, Jason"]
[Black "Semianiuk, Konstantin"]
[Result "1-0"]
[WhiteElo "2297"]
[BlackElo "2315"]
[PlyCount "107"]
[GameId "2160767909296799"]
[EventDate "2013.08.14"]
[EventType "swiss"]
[EventRounds "9"]
[EventCountry "CAN"]
[SourceTitle "hb 2013"]

1. e4 c5 2. Nf3 Nc6 3. d4 cxd4 4. Nxd4 e5 5. Nb5 d6 6. N1c3 a6 7. Na3 b5 8. Nd5 Nce7 9. c4 Nxd5 10. exd5 bxc4 11. Nxc4 Nf6 12. Be3 Rb8 13. Be2 Be7 14. O-O O-O 15. a4 a5 16. Rc1 Ba6 17. b3 Ne8 18. Bd3 Bxc4 19. Rxc4 f5 20. f3 Bg5 21. Bf2 Rf7 22. Rc6 g6 23. Bc4 Nf6 24. Ra6 Rfb7 25. Kh1 Ra8 26. Rc6 h5 27. Bb5 Kh7 28. Be1 e4 29. b4 exf3 30. gxf3 axb4 31. Bxb4 Bf4 32. Rc4 Bh6 33. Re1 Re7 34. Re6 Rxe6 35. dxe6 Bf8 36. Qc2 Nd5 37. Bd2 Ra7 38. Rc8 Qf6 39. Qd3 Rc7 40. Rxf8 Qxf8 41. Qxd5 Qe7 42. Bc6 Rc8 43. Bd7 Rc2 44. Qd4 d5 45. Bc3 Rc1+ 46. Kg2 Qg5+ 47. Kh3 Rxc3 48. Qxc3 Qg1 49. e7 Kh6 50. e8=Q Qf1+ 51. Kg3 Qg1+ 52. Kf4 Qxh2+ 53. Ke3 Qg1+ 54. Kd3 1-0

[Event "NAYCC U18"]
[Site "Toronto CAN"]
[Date "2013.08.17"]
[Round "7"]
[White "Chandra, Akshat"]
[Black "Colas, Joshua"]
[Result "1-0"]
[WhiteElo "2395"]
[BlackElo "2405"]
[PlyCount "143"]
[GameId "2160767909296800"]
[EventDate "2013.08.14"]
[EventType "swiss"]
[EventRounds "9"]
[EventCountry "CAN"]
[SourceTitle "hb 2013"]

1. e4 c5 2. Nf3 e6 3. d4 cxd4 4. Nxd4 a6 5. Bd3 Bc5 6. Nb3 Be7 7. Be3 Nc6 8. N1d2 d5 9. exd5 exd5 10. O-O Nf6 11. Nf3 O-O 12. Nbd4 Bg4 13. h3 Nxd4 14. hxg4 Ne6 15. Nd4 Nd7 16. Nxe6 fxe6 17. c4 Ne5 18. cxd5 Nxd3 19. Qxd3 Qxd5 20. Qxd5 exd5 21. Rfd1 Rad8 22. Rac1 Rd7 23. b3 h6 24. Kf1 Re8 25. a4 Kf7 26. Bc5 Bxc5 27. Rxc5 d4 28. Re1 Rxe1+ 29. Kxe1 Ke6 30. Kd2 Rf7 31. f3 Kd6 32. Rc4 Ke5 33. Kd3 Kf4 34. Rc2 Rd7 35. b4 g6 36. Rc8 Kg3 37. Rh8 Kxg2 38. Rxh6 Kxf3 39. Rxg6 Kf4 40. Rg8 Rd6 41. g5 Kf5 42. g6 Rd7 43. b5 axb5 44. axb5 Kf6 45. g7 Kf7 46. Rf8+ Kxg7 47. Rf4 Rc7 48. Kxd4 Kg6 49. Kd5 Rc1 50. Rc4 Rb1 51. Kc5 Kf6 52. Re4 Rd1 53. Kb6 Rd5 54. Re8 Kf7 55. Rb8 Ke7 56. Rxb7+ Kd6 57. Rh7 Rg5 58. Rh6+ Kd7 59. Rc6 Rd5 60. Rc1 Kd8 61. Ka6 Rd2 62. b6 Ra2+ 63. Kb7 Rd2 64. Ka7 Ra2+ 65. Kb8 Rd2 66. b7 Ra2 67. Rd1+ Ke7 68. Rd4 Rb2 69. Kc7 Rc2+ 70. Kb6 Rb2+ 71. Kc6 Ke8 72. Rd5 1-0

[Event "NAYCC U18"]
[Site "Toronto CAN"]
[Date "2013.08.17"]
[Round "7"]
[White "Knox, Christopher"]
[Black "Song, Michael"]
[Result "1/2-1/2"]
[WhiteElo "2319"]
[BlackElo "2368"]
[PlyCount "75"]
[GameId "2160767909296802"]
[EventDate "2013.08.14"]
[EventType "swiss"]
[EventRounds "9"]
[EventCountry "CAN"]
[SourceTitle "hb 2013"]

1. d4 g6 2. c4 Bg7 3. Nc3 c5 4. d5 Bxc3+ 5. bxc3 f5 6. e4 Qa5 7. Qb3 fxe4 8. f3 d6 9. fxe4 Nf6 10. Nf3 Nbd7 11. Bd3 Qb6 12. h3 Qxb3 13. axb3 Nh5 14. g4 O-O 15. O-O Nf4 16. Bxf4 Rxf4 17. e5 Nxe5 18. Nxe5 dxe5 19. Rae1 Kf7 20. Rxe5 Rxf1+ 21. Kxf1 Bd7 22. Kg2 Kf6 23. Re1 a5 24. Bc2 b6 25. Kg3 h6 26. Rf1+ Kg7 27. h4 Rf8 28. Re1 Kf6 29. Rf1+ Kg7 30. Re1 Kf6 31. Rf1+ Kg7 32. h5 g5 33. Re1 Kf6 34. Rf1+ Kg7 35. Bg6 Be8 36. Bxe8 Rxe8 37. Re1 e6 38. dxe6 1/2-1/2

[Event "NAYCC U18"]
[Site "Toronto CAN"]
[Date "2013.08.17"]
[Round "7"]
[White "Liang, Awonder"]
[Black "Ulrich, Thomas M"]
[Result "1-0"]
[WhiteElo "2268"]
[BlackElo "2374"]
[PlyCount "61"]
[GameId "2160767909296804"]
[EventDate "2013.08.14"]
[EventType "swiss"]
[EventRounds "9"]
[EventCountry "CAN"]
[SourceTitle "EXT 2022"]
[Source "ChessBase"]
[SourceDate "2021.10.06"]
[SourceVersion "1"]
[SourceVersionDate "2021.10.06"]
[SourceQuality "1"]

1. e4 c5 2. Nf3 d6 3. d4 cxd4 4. Nxd4 Nf6 5. Nc3 a6 6. Bg5 Nbd7 7. f4 Qc7 8. Qf3 h6 9. Bh4 g5 10. fxg5 hxg5 11. Bxg5 Qc5 12. Nf5 e6 13. Bxf6 Nxf6 14. Ng3 Qg5 15. Be2 d5 16. exd5 exd5 17. h4 Rxh4 18. Rxh4 Qxh4 19. O-O-O Be6 20. Kb1 O-O-O 21. Rf1 Bc5 22. Nf5 Qg5 23. Bd3 Ng4 24. Qg3 Qg8 25. Na4 Ne3 26. Qxg8 Rxg8 27. Nxc5 Bxf5 28. Bxf5+ Kc7 29. Rf3 Rxg2 30. a3 Nc4 31. Ka2 1-0

[Event "NAYCC U18"]
[Site "Toronto CAN"]
[Date "2013.08.17"]
[Round "7"]
[White "MacDonald, Sydney"]
[Black "Farrant-Diaz, Nathan"]
[Result "1-0"]
[WhiteElo "725"]
[BlackElo "1906"]
[PlyCount "52"]
[GameId "2160767909296805"]
[EventDate "2013.08.14"]
[EventType "swiss"]
[EventRounds "9"]
[EventCountry "CAN"]
[SourceTitle "hb 2013"]

1. e4 g6 2. d4 Bg7 3. Be3 d6 4. Nc3 a6 5. a4 Nc6 6. Nf3 Nf6 7. h3 O-O 8. Qd2 e5 9. dxe5 dxe5 10. Rd1 Be6 11. Ng5 Qe7 12. Nxe6 Qxe6 13. Bd3 Rad8 14. O-O Nd4 15. f3 c5 16. b3 Nh5 17. Kh2 b5 18. axb5 axb5 19. Nd5 f5 20. g4 fxe4 21. fxe4 Rf3 22. Bxd4 Rxf1 23. Rxf1 exd4 24. gxh5 Be5+ 25. Kg2 gxh5 26. Qg5+ Kh8 1-0

[Event "NAYCC U18"]
[Site "Toronto CAN"]
[Date "2013.08.17"]
[Round "7"]
[White "Nasir, Pi"]
[Black "Luo, Zhao Yang"]
[Result "1/2-1/2"]
[WhiteElo "1947"]
[BlackElo "1982"]
[PlyCount "130"]
[GameId "2160767909296806"]
[EventDate "2013.08.14"]
[EventType "swiss"]
[EventRounds "9"]
[EventCountry "CAN"]
[SourceTitle "hb 2013"]

1. Nf3 d5 2. d4 Nf6 3. c4 e6 4. e3 c5 5. Nc3 Nc6 6. Be2 Be7 7. O-O O-O 8. Ne5 a6 9. Nxc6 bxc6 10. b3 Nd7 11. cxd5 cxd5 12. Bb2 Bf6 13. dxc5 Nxc5 14. Rc1 Bb7 15. Qd2 Rc8 16. Rfd1 Qa5 17. Nxd5 Qxa2 18. Nxf6+ gxf6 19. Bc4 Ne4 20. Qe2 Qa5 21. Qg4+ Qg5 22. Qxg5+ fxg5 23. f3 Nc5 24. Ba3 Rfe8 25. Kf2 Rc7 26. Kg3 Rec8 27. Kg4 h6 28. h4 Nd7 29. Bb2 Nb6 30. e4 Nxc4 31. Rxc4 Rxc4 32. bxc4 gxh4 33. Rc1 Rd8 34. Rc2 Kh7 35. Kxh4 Kg6 36. Kg4 Bc6 37. Bc3 Ba4 38. Rc1 Rd1 39. Rxd1 Bxd1 40. c5 Ba4 41. Kf4 f6 42. Ba5 h5 43. g3 Bc6 44. Ke3 e5 45. f4 exf4+ 46. Kxf4 Bd7 47. Bc7 Bc6 48. Bd8 Bd7 49. Ke3 Kf7 50. Kd4 Ke6 51. Bc7 Bc6 52. Ba5 Bb5 53. Bc3 Bc6 54. Bd2 Bb5 55. Bf4 Bc6 56. Bc7 Bb5 57. Ke3 Bc6 58. Kf4 Bb7 59. Ba5 Bc6 60. Bc3 Bb7 61. e5 fxe5+ 62. Bxe5 Bc6 63. Bc7 Be8 64. Kg5 Kd5 65. Bb6 Kc6 1/2-1/2

[Event "NAYCC U18"]
[Site "Toronto CAN"]
[Date "2013.08.17"]
[Round "7"]
[White "Qin, Zi Yi (Joey)"]
[Black "Williams, Justus"]
[Result "0-1"]
[WhiteElo "2460"]
[BlackElo "2366"]
[PlyCount "74"]
[GameId "2160767909296808"]
[EventDate "2013.08.14"]
[EventType "swiss"]
[EventRounds "9"]
[EventCountry "CAN"]
[SourceTitle "hb 2013"]

1. e4 c5 2. Nf3 e6 3. d4 cxd4 4. Nxd4 a6 5. Nc3 Qc7 6. Be2 Nf6 7. O-O Be7 8. f4 d6 9. a4 Nc6 10. Kh1 O-O 11. Be3 Bd7 12. Nb3 b6 13. Qe1 Na5 14. Nxa5 bxa5 15. Bd3 Bc6 16. Bd2 Qb7 17. Qe2 Nd7 18. Rae1 Bh4 19. Rd1 Nc5 20. b3 Rfe8 21. Be3 Nxd3 22. Rxd3 Be7 23. Bd2 Bf8 24. Rg3 Rad8 25. Qd3 d5 26. exd5 exd5 27. Ne2 d4 28. Bxa5 Re3 29. Qd2 Rd5 30. Rf2 Rxg3 31. Nxg3 h5 32. b4 h4 33. Ne2 h3 34. Nc1 hxg2+ 35. Kg1 Rh5 36. Nd3 Qe7 37. Bb6 Rxh2 0-1

[Event "NAYCC U18"]
[Site "Toronto CAN"]
[Date "2013.08.17"]
[Round "7"]
[White "Sohal, Tanraj"]
[Black "Florea, Alexandru"]
[Result "1-0"]
[WhiteElo "2265"]
[BlackElo "2122"]
[PlyCount "69"]
[GameId "2160767909296809"]
[EventDate "2013.08.14"]
[EventType "swiss"]
[EventRounds "9"]
[EventCountry "CAN"]
[SourceTitle "hb 2013"]

1. d4 Nf6 2. c4 e6 3. Nf3 b6 4. g3 Bb7 5. Bg2 Be7 6. Nc3 d5 7. Ne5 O-O 8. O-O Ne4 9. cxd5 exd5 10. Qc2 f6 11. Nd3 f5 12. Nf4 Rf6 13. Qb3 Nxc3 14. bxc3 c6 15. c4 dxc4 16. Qxc4+ Kh8 17. Bb2 Qg8 18. Qc2 Na6 19. d5 Nb4 20. Qd2 Nxd5 21. Nxd5 cxd5 22. Bxf6 Bxf6 23. Rac1 Be5 24. Rfd1 Rd8 25. e3 h6 26. Qd3 Qe6 27. Qb3 g5 28. Rd2 f4 29. exf4 gxf4 30. Rcd1 fxg3 31. hxg3 Qf6 32. Bxd5 Bxd5 33. Rxd5 Rf8 34. Qe3 Bc3 35. Rd6 1-0

[Event "NAYCC U18"]
[Site "Toronto CAN"]
[Date "2013.08.17"]
[Round "7"]
[White "Sprumont, Oscar"]
[Black "Song, Guangyu"]
[Result "1-0"]
[WhiteElo "1961"]
[BlackElo "1609"]
[PlyCount "92"]
[GameId "2160767909296810"]
[EventDate "2013.08.14"]
[EventType "swiss"]
[EventRounds "9"]
[EventCountry "CAN"]
[SourceTitle "hb 2013"]

1. Nf3 d5 2. c4 dxc4 3. Na3 Nf6 4. Nxc4 b5 5. Nce5 Qd5 6. e3 Nbd7 7. d4 e6 8. Be2 Bd6 9. O-O Bb7 10. Nxd7 Bxh2+ 11. Kxh2 Qh5+ 12. Kg1 Nxd7 13. Ne5 Qg5 14. Bf3 Bxf3 15. Qxf3 Nxe5 16. dxe5 O-O 17. Qf4 Qh5 18. Bd2 f6 19. Bc3 c5 20. b4 cxb4 21. Qxb4 fxe5 22. Qd6 Rf6 23. Qxe5 Qf7 24. Qe4 Rf8 25. Bxf6 Qxf6 26. Rac1 Qh6 27. Rc7 g5 28. Re7 Rf6 29. Qa8+ Rf8 30. Qc6 Rf6 31. Qc8+ Rf8 32. Qxe6+ Qxe6 33. Rxe6 g4 34. Re7 h5 35. f3 g3 36. Re5 h4 37. Rg5+ Kf7 38. Rf5+ Kg7 39. Rxf8 Kxf8 40. Rc1 Ke7 41. Rc7+ Kf6 42. Rxa7 Kg5 43. Ra5 h3 44. gxh3 Kh4 45. Rxb5 g2 46. Rb8 Kg3 1-0

[Event "NAYCC U18"]
[Site "Toronto CAN"]
[Date "2013.08.17"]
[Round "7"]
[White "Zhang, Eric"]
[Black "Itkin, David"]
[Result "1-0"]
[WhiteElo "2167"]
[BlackElo "2182"]
[PlyCount "65"]
[GameId "2160767909296811"]
[EventDate "2013.08.14"]
[EventType "swiss"]
[EventRounds "9"]
[EventCountry "CAN"]
[SourceTitle "hb 2013"]

1. e4 c5 2. Nf3 d6 3. d4 cxd4 4. Nxd4 Nf6 5. Nc3 Nc6 6. f3 e5 7. Nb3 Be7 8. Be3 Be6 9. Qe2 a6 10. O-O-O Qc7 11. g4 h6 12. Kb1 b5 13. Qf2 Rb8 14. h4 Nd7 15. Nd5 Bxd5 16. exd5 Na5 17. Nxa5 Qxa5 18. f4 b4 19. Bc4 Rc8 20. Qe2 Rf8 21. Bxa6 Ra8 22. Bc4 Nc5 23. Bxc5 Qxc5 24. fxe5 dxe5 25. d6 Bxd6 26. Rd5 Qc7 27. Re1 Rd8 28. Qd3 Ke7 29. Qe4 f6 30. Bb3 g5 31. Qg6 Rg8 32. Rdxe5+ fxe5 33. Qe6+ 1-0

[Event "NAYCC U18"]
[Site "Toronto CAN"]
[Date "2013.08.17"]
[Round "7"]
[White "Zheng, Kyle"]
[Black "Schneider, Thomas G"]
[Result "0-1"]
[WhiteElo "1339"]
[BlackElo "1952"]
[PlyCount "85"]
[GameId "2160767909296812"]
[EventDate "2013.08.14"]
[EventType "swiss"]
[EventRounds "9"]
[EventCountry "CAN"]
[SourceTitle "EXT 2022"]
[Source "ChessBase"]
[SourceDate "2021.10.06"]
[SourceVersion "1"]
[SourceVersionDate "2021.10.06"]
[SourceQuality "1"]

1. e4 e5 2. Nf3 Nc6 3. Nc3 Nf6 4. g3 Bb4 5. Bg2 d6 6. d3 a6 7. h3 Be6 8. Be3 Qd7 9. Ng5 O-O 10. O-O Nd4 11. Ne2 Bc5 12. Nxe6 fxe6 13. c3 Nxe2+ 14. Qxe2 Bxe3 15. fxe3 Rf7 16. Rf2 d5 17. Rd1 Rd8 18. Qd2 dxe4 19. dxe4 Qxd2 20. Rfxd2 Rxd2 21. Rxd2 Rd7 22. Rxd7 Nxd7 23. Kf2 Nc5 24. b4 Na4 25. c4 Nc3 26. a3 Nb1 27. Bf1 Nxa3 28. Bd3 b5 29. c5 Kf7 30. Ke2 Ke7 31. Kd2 Kd7 32. Kc3 Kc6 33. Kb3 Nc4 34. Bxc4 bxc4+ 35. Kxc4 h6 36. h4 h5 37. Kc3 Kb5 38. Kb3 c6 39. Kc3 a5 40. bxa5 Kxa5 41. Kc4 Ka4 42. Kd3 Kb4 43. Ke2 0-1

[Event "NAYCC U18"]
[Site "Toronto CAN"]
[Date "2013.08.18"]
[Round "8"]
[White "Cao, Jason"]
[Black "Liang, Awonder"]
[Result "1/2-1/2"]
[WhiteElo "2297"]
[BlackElo "2258"]
[PlyCount "71"]
[GameId "2160767909296813"]
[EventDate "2013.08.14"]
[EventType "swiss"]
[EventRounds "9"]
[EventCountry "CAN"]
[SourceTitle "EXT 2022"]
[Source "ChessBase"]
[SourceDate "2021.10.06"]
[SourceVersion "1"]
[SourceVersionDate "2021.10.06"]
[SourceQuality "1"]

1. d4 Nf6 2. c4 g6 3. Nc3 Bg7 4. e4 d6 5. f3 O-O 6. Be3 c5 7. Nge2 Nc6 8. d5 Ne5 9. Ng3 h5 10. Be2 e6 11. O-O exd5 12. cxd5 Ne8 13. Qd2 Nc7 14. a4 a6 15. a5 Rb8 16. Na4 Nd7 17. Rab1 Ne5 18. b4 Bd7 19. Nb6 cxb4 20. Qxb4 Bb5 21. Bxb5 Nxb5 22. Ne2 Nd7 23. Nc4 Qe7 24. Rbc1 Rbc8 25. Na3 Nxa3 26. Qxa3 Ne5 27. Qb3 Qd7 28. h3 Qb5 29. Qxb5 axb5 30. Rxc8 Rxc8 31. Rb1 Nc4 32. Bf4 Rc5 33. Rc1 Rc8 34. Rb1 Rc5 35. Rc1 Rc8 36. Rb1 1/2-1/2

[Event "NAYCC U18"]
[Site "Toronto CAN"]
[Date "2013.08.18"]
[Round "8"]
[White "Colas, Joshua"]
[Black "Qin, Zi Yi (Joey)"]
[Result "1-0"]
[WhiteElo "2405"]
[BlackElo "2460"]
[PlyCount "147"]
[GameId "2160767909296815"]
[EventDate "2013.08.14"]
[EventType "swiss"]
[EventRounds "9"]
[EventCountry "CAN"]

1. d4 Nf6 2. c4 g6 3. Nc3 Bg7 4. e4 d6 5. f3 c5 6. d5 O-O 7. Be3 e6 8. Nge2 exd5 9. cxd5 Nbd7 10. Ng3 a6 11. a4 Ne5 12. Be2 h5 13. O-O Nh7 14. Qd2 h4 15. Nh1 f5 16. Nf2 Bd7 17. f4 Nf7 18. Bd3 Qc7 19. Qc2 Rae8 20. Rae1 Qc8 21. b3 Re7 22. Bd2 Rfe8 23. a5 Bd4 24. Kh1 Nf6 25. Re2 Kg7 26. Qb1 Nh6 27. Qe1 Nhg8 28. e5 dxe5 29. d6 Re6 30. Bc4 e4 31. Bxe6 Rxe6 32. Nfd1 Rxd6 33. Ne3 Be6 34. Qb1 Nh5 35. Be1 Ngf6 36. Na4 Qc6 37. Nb6 Bxe3 38. Rxe3 Qb5 39. Bxh4 Ng4 40. Qa1+ Kg8 41. Ree1 Qxb3 42. h3 Nh6 43. Qe5 Nf7 44. Qxc5 Ng3+ 45. Bxg3 Qxg3 46. Re3 Qh4 47. Qc7 g5 48. fxg5 Qxg5 49. Qc3 Rc6 50. Qa3 Kh7 51. Rg3 Qh4 52. Qe3 Qh6 53. Qe1 Ne5 54. Qa1 Nd3 55. Qd4 Rc7 56. Nd5 Rf7 57. Kh2 f4 58. Rxd3 exd3 59. Qxd3+ Kg8 60. Qe4 Bxd5 61. Qxd5 Qh4 62. Rf3 Kg7 63. Qd4+ Kg8 64. Rc3 Qf6 65. Qxf6 Rxf6 66. Rc8+ Kf7 67. Rc7+ Ke6 68. Rxb7 Kd5 69. Rb6 Rf5 70. Rxa6 Kc4 71. Kg1 Kb5 72. Rb6+ Kxa5 73. Rb2 Ka4 74. Kf2 1-0

[Event "NAYCC U18"]
[Site "Toronto CAN"]
[Date "2013.08.18"]
[Round "8"]
[White "Florea, Alexandru"]
[Black "Nasir, Pi"]
[Result "1/2-1/2"]
[WhiteElo "2122"]
[BlackElo "1947"]
[PlyCount "104"]
[GameId "2160767909296816"]
[EventDate "2013.08.14"]
[EventType "swiss"]
[EventRounds "9"]
[EventCountry "CAN"]
[SourceTitle "EXT 2022"]
[Source "ChessBase"]
[SourceDate "2021.10.06"]
[SourceVersion "1"]
[SourceVersionDate "2021.10.06"]
[SourceQuality "1"]

1. e4 e6 2. d4 d5 3. Nc3 Bb4 4. Bd3 dxe4 5. Bxe4 Nf6 6. Bf3 c5 7. Nge2 Nc6 8. Be3 O-O 9. O-O cxd4 10. Nxd4 Ne5 11. Ne4 Nxf3+ 12. Qxf3 Nxe4 13. Qxe4 Qd5 14. Qxd5 exd5 15. c3 Bc5 16. Nc2 Be7 17. Rfe1 Be6 18. Nd4 Bf6 19. Ne2 b5 20. Nf4 b4 21. Nxe6 fxe6 22. Bd4 Kf7 23. Rac1 bxc3 24. Bxf6 gxf6 25. Rxc3 Rfc8 26. Rh3 Rh8 27. f4 Rac8 28. Ra3 Rc7 29. Ra6 Re8 30. Kf2 Ree7 31. Kf3 Rc4 32. Rd6 f5 33. Re2 h5 34. g3 Rc8 35. Re3 Kf6 36. Re2 Rcc7 37. Rd2 Kf7 38. Re2 Rc8 39. Re3 h4 40. Re2 Rb8 41. g4 fxg4+ 42. Kxg4 Rg8+ 43. Kf3 h3 44. f5 exf5 45. Rxe7+ Kxe7 46. Rxd5 Ke6 47. Rd2 Rg7 48. Re2+ Kf6 49. Rc2 Ke5 50. Re2+ Kf6 51. Rc2 Ke6 52. Re2+ Kf6 1/2-1/2

[Event "NAYCC U18"]
[Site "Toronto CAN"]
[Date "2013.08.18"]
[Round "8"]
[White "Inigo, Aquino"]
[Black "Sprumont, Oscar"]
[Result "1/2-1/2"]
[WhiteElo "2241"]
[BlackElo "1951"]
[PlyCount "46"]
[GameId "2160767909296817"]
[EventDate "2013.08.14"]
[EventType "swiss"]
[EventRounds "9"]
[EventCountry "CAN"]
[SourceTitle "EXT 2022"]
[Source "ChessBase"]
[SourceDate "2021.10.06"]
[SourceVersion "1"]
[SourceVersionDate "2021.10.06"]
[SourceQuality "1"]

1. d4 Nf6 2. c4 g6 3. Nc3 d5 4. cxd5 Nxd5 5. e4 Nxc3 6. bxc3 Bg7 7. Nf3 c5 8. Rb1 O-O 9. Be2 b6 10. Bb2 e6 11. O-O Bb7 12. Qc2 Qc7 13. Ba3 Rd8 14. dxc5 Nd7 15. cxb6 axb6 16. Bb4 Nc5 17. Bxc5 Qxc5 18. c4 Bc6 19. Rfd1 Rdc8 20. Nd2 Qa5 21. Rdc1 Bh6 22. Rb2 Bg7 23. Rbb1 Bh6 1/2-1/2

[Event "NAYCC U18"]
[Site "Toronto CAN"]
[Date "2013.08.18"]
[Round "8"]
[White "Luo, Zhao Yang"]
[Black "Zheng, Kyle"]
[Result "1-0"]
[WhiteElo "1982"]
[BlackElo "1359"]
[PlyCount "83"]
[GameId "2160767909296819"]
[EventDate "2013.08.14"]
[EventType "swiss"]
[EventRounds "9"]
[EventCountry "CAN"]
[SourceTitle "EXT 2022"]
[Source "ChessBase"]
[SourceDate "2021.10.06"]
[SourceVersion "1"]
[SourceVersionDate "2021.10.06"]
[SourceQuality "1"]

1. d4 f5 2. c4 g6 3. Nf3 Bg7 4. Nc3 Nf6 5. g3 d6 6. Bg2 c6 7. O-O O-O 8. Qb3 Na6 9. Bf4 c5 10. d5 h6 11. h4 b6 12. Rfe1 Bd7 13. a3 Nc7 14. Rad1 Qe8 15. e4 fxe4 16. Nxe4 Nxe4 17. Rxe4 Qf7 18. Qe3 Rae8 19. Re1 Bf6 20. Bxh6 Bf5 21. Bxf8 Bxe4 22. Qxe4 Kxf8 23. b3 Kg7 24. Qg4 Rd8 25. h5 Kh6 26. Qf4+ Kg7 27. Ng5 Qe8 28. Ne4 Be5 29. Qg5 Qf7 30. hxg6 Qf8 31. Bh3 Ne8 32. Kg2 Nf6 33. f4 Nxe4 34. Rxe4 Bf6 35. Qf5 Qe8 36. g4 Qxg6 37. g5 Qxf5 38. Bxf5 Bb2 39. Rxe7+ Kf8 40. Rxa7 Re8 41. Be6 Bc1 42. g6 1-0